A NOTE ON REIDEMEISTER TORSION AND PERIOD MATRIX OF RIEMANN SURFACES

Bibliographic Details
Main Author: Sözen, Yaşar (Author)
Format: Article
Language:English

MARC

LEADER 00000nab a2200000uu 4500
001 vtls011450007
003 SK-MaSNL
005 20260303151407.0
008 230222|2011 xo |||||||||||||||||eng|
015 |a SNBRB 
035 |a (urnnbn)urn:nbn:sk:snk:ar-006f3o 
035 |a (uuid)76685492-f6e3-4c7b-b09e-144cc2ea01b2 
035 |a urn:nbn:sk:snk-abcmam 
040 |a SNKBUCL  |b slo  |c SNKBUCL  |e AACR2 
041 0 |a eng 
044 |a xo  |c SK 
100 1 |a Sözen, Yaşar  |4 aut  |9 1170914 
245 1 0 |a A NOTE ON REIDEMEISTER TORSION AND PERIOD MATRIX OF RIEMANN SURFACES  |c Yaşar Sözen 
773 0 |t Mathematica Slovaca  |g Roč. 61, č. 1 (2011), s. [29]-38 
958 |a OND 
958 |a EUIPO 
958 |a article16 
999 |c 2017523  |d 2019453